00297nam a2200121Ia 4500008004100000100001500041245003000056260004700086300000900133650001100142942000700153999001500160190216s9999||||xx |||||||||||||| ||und|| aJindal S L 0aFlowering Shrubs In India bPublications Division Govt. Of Indiac1982 a128p aBotany cBK c1128d1128